000 00455nam a2200181Ia 4500
001 19847
005 20260306172723.0
008 260306t2019||||xx |||||||||||||| ||spa||
041 _aESP
082 _a341.1
_bP72I
110 _aPoder Judicial del Perú
245 0 _aInterculturalidad y poder judicial :
_bcompendio jurídico
260 _c2019
300 _a234 páginas :
_c24 cm.
650 _aGEN
654 _aCDE
942 _cLIB
_dJUS
_fJUS
_2ddc
_n
999 _c19847
_d19847